Normal view
MARC view
- Lundgren, Earl F
Entry Personal Name
001 - CONTROL NUMBER
- control field: 111452
003 - CONTROL NUMBER IDENTIFIER
- control field: NUST
005 - DATE AND TIME OF LATEST TRANSACTION
- control field: 20230327121801.0
008 - FIXED-LENGTH DATA ELEMENTS
- fixed length control field: 230327|| aca||aabn | a|a d
040 ## - CATALOGING SOURCE
- Original cataloging agency: NUST
- Transcribing agency: NUST
100 ## - HEADING--PERSONAL NAME
- Personal name: Lundgren, Earl F
670 ## - SOURCE DATA FOUND
- Source citation: Work cat.: (NUST)176632: Lundgren, Earl F., Organizational Management : , [1974]
